000 01075 a2200205 4500
001 54521
005 20260407155818.0
008 260407a1992 arg spa d
003 AR-UNSa-BCEJYS
040 _aAR-UNSa-BCEJYS
_bspa
_cAR-UNSa-BCEJYS
080 _a336.226.331
_xImpuestos sobre comestibles, bebidas y tabaco (Impuestos Internos)
245 1 0 _aImpuestos internos
020 _a950-739-058-8
250 _a7a.ed.
264 1 _aBuenos Aires :
_bErrepar
_c1992
300 _a19 p.
_c22 cm.
505 _aTítulo I - I. Disposiciones generales - II. Tabaco - III. Alcoholes - IV. Bebidas alcoholicas - V. Cubiertas para neumáticos - VI. Combustibles y aceites lubricantes - VII. Vinos - VIII. Cervezas - Título II - I. Disposiciones generales - II. Artículos de tocador - III. Objetos suntuarios - IV. Seguros - V. Bebidas analcoholicas,jarabes,extractos y concentrados - VI. Otros bienes y servicios - VII. Vehículos automóviles y motores - Títulos III: Disposiciones comunes a los títulos I y II
942 _cBK
590 _aniveau_biblio:m niveau_hierar:0
999 _c5603
_d5603